New initiative to clean-up Scottish water environment (Record no. 72819)
[ view plain ]
| 000 -LEADER | |
|---|---|
| fixed length control field | 01051cam a2200205 4500 |
| 001 - CONTROL NUMBER | |
| control field | WB3921-23 |
| 008 - FIXED-LENGTH DATA ELEMENTS--GENERAL INFORMATION | |
| fixed length control field | 030604n2003 000 0 eng u |
| 035 ## - SYSTEM CONTROL NUMBER | |
| System control number | (Sirsi) u122517 |
| 245 ## - TITLE STATEMENT | |
| Title | New initiative to clean-up Scottish water environment |
| 260 ## - PUBLICATION, DISTRIBUTION, ETC. | |
| Date of publication, distribution, etc. | 2003 |
| 490 ## - SERIES STATEMENT | |
| Series statement | Scottish Executive News Release |
| Volume/sequential designation | (SEEN431/2003) 3 June 2003 (2) |
| 520 ## - SUMMARY, ETC. | |
| Summary, etc. | The Scottish Minister for Environment and Rural Development has announced the launch of a £2.95m six-month pilot scheme, aimed at cleaning-up farm waste and protecting the water environment. The 48 farms included in the scheme will pilot various solutions such as the feasibility of using slurry to produce biogas for power generation as an answer to the problem of diffuse pollution, where livestock excrement contaminates water. http://www.scotland.gov.uk/pages/news/2003/06/SEEN431.aspx. |
| 590 ## - LOCAL NOTE (RLIN) | |
| Local note | WB |
| 650 ## - SUBJECT ADDED ENTRY--TOPICAL TERM | |
| Topical term or geographic name entry element | POLLUTION |
| 650 ## - SUBJECT ADDED ENTRY--TOPICAL TERM | |
| Topical term or geographic name entry element | WATER POLLUTION |
| 650 ## - SUBJECT ADDED ENTRY--TOPICAL TERM | |
| Topical term or geographic name entry element | FARMING |
| 650 ## - SUBJECT ADDED ENTRY--TOPICAL TERM | |
| Topical term or geographic name entry element | BIOGAS |
| 690 ## - LOCAL SUBJECT ADDED ENTRY--TOPICAL TERM (OCLC, RLIN) | |
| Topical term or geographic name as entry element | ENVIRONMENTAL AND LAND CONSULTANCY-WASTE MANAGEMENT |
| 942 ## - ADDED ENTRY ELEMENTS (KOHA) | |
| Suppress in OPAC | 0 |
| Withdrawn status | Lost status | Source of classification or shelving scheme | Damaged status | Not for loan | Home library | Current library | Shelving location | Date acquired | Total Checkouts | Full call number | Barcode | Date last seen | Copy number | Price effective from | Koha item type |
|---|---|---|---|---|---|---|---|---|---|---|---|---|---|---|---|
| Dewey Decimal Classification | London | London | News article | 04/06/2003 | WB3921-23 | 122517-1001 | 06/08/2019 | 1 | 06/08/2019 | News article |